International Economic Review
Uložené v:
| Médium: | Seriál |
|---|---|
| Jazyk: | English |
| Vydavateľské údaje: |
Philadelphia
University of Pennsylvania
1990
|
| Predmet: | |
| Tagy: |
Žiadne tagy, Buďte prvý, kto otaguje tento záznam!
|
MARC
| LEADER | 00000nas2a2200000 4500 | ||
|---|---|---|---|
| 001 | s006402 | ||
| 005 | 20240109090917.7 | ||
| 022 | |a 0020-6598 | ||
| 041 | 0 | |a eng | |
| 044 | |a US | ||
| 245 | 1 | 0 | |a International Economic Review |
| 264 | 1 | |a Philadelphia |b University of Pennsylvania |c 1990 | |
| 300 | |a 1 zv. | ||
| 773 | 0 | |w eu_un_cat*s120083 | |
| 610 | 2 | 0 | |a ekonómia |